[Event "ICS rated blitz match"]
[Site "204.178.125.65"]
[Date "1999.12.10"]
[Round "?"]
[White "Hossa"]
[Black "sergor"]
[Result "1/2-1/2"]
[WhiteElo "2488"]
[BlackElo "2399"]
[PlyCount "137"]

1. d4 Nf6 2. Nf3 c5 3. e3 e6 4. c4 d5 5. Bd3 Nc6 6. O-O dxc4 7. Bxc4 a6 8. Nc3
Be7 9. dxc5 Qxd1 10. Rxd1 Bxc5 11. Ng5 b5 12. Nce4 Nxe4 13. Nxe4 Be7 14. Nd6+
Bxd6 15. Rxd6 Bb7 16. Be2 Ke7 17. Rd1 Rhd8 18. Bd2 Rd7 19. Bc3 Rad8 20. Bxg7
Rd2 21. Rxd2 Rxd2 22. Bf3 f6 23. b4 Kf7 24. Bh6 Kg6 25. Bf8 Nd8 26. Rd1 Rxd1+
27. Bxd1 Bd5 28. Bb3 Bxb3 29. axb3 Kf7 30. Bc5 Nb7 31. Bb6 e5 32. e4 Ke6 33. f3
Kd7 34. g4 Kc6 35. Bf2 Kd6 36. h4 Nd8 37. Bc5+ Ke6 38. Kf2 Nc6 39. h5 Kf7 40.
Ke2 Kg7 41. Kd3 Kf7 42. Kc3 Kg7 43. Be3 Kf7 44. Bb6 Kg7 45. Bf2 Kh6 46. Be3+
Kg7 47. Bc5 Kh6 48. Kd3 Kg7 49. Kd2 Kf7 50. Ke3 Ke6 51. Ke2 Kf7 52. Kd2 Ke6 53.
Kc3 Kf7 54. Be3 Kg7 55. Bb6 Kf7 56. h6 Kg6 57. Be3 Kf7 58. Bf2 Kg6 59. Bc5 Kxh6
60. Kd2 Kg5 61. Ke3 h5 62. gxh5 Kxh5 63. f4 Kg4 64. fxe5 fxe5 65. Kd3 Kf3 66.
Bd6 Kf4 67. Bf8 Kf3 68. Bd6 Kf4 69. Bf8 1/2-1/2

[Event "ICS rated blitz match"]
[Site "204.178.125.65"]
[Date "1999.12.10"]
[Round "?"]
[White "Hossa"]
[Black "PostModernist"]
[Result "0-1"]
[WhiteElo "2484"]
[BlackElo "2584"]
[PlyCount "178"]

1. d4 Nf6 2. Nf3 g6 3. Bg5 Bg7 4. e3 O-O 5. Bd3 d6 6. c4 Nc6 7. Nc3 e5 8. dxe5
Nxe5 9. Nxe5 dxe5 10. O-O Qd6 11. Qb1 Qe6 12. Rd1 Bd7 13. e4 h6 14. Bh4 g5 15.
Bg3 Nh5 16. Nd5 Rac8 17. Be2 Nxg3 18. fxg3 c6 19. Ne3 Qe7 20. Qc2 Rfd8 21. Rd3
Be6 22. Rf1 Rd4 23. Rdd1 Rcd8 24. Nf5 Bxf5 25. Rxf5 Rxd1+ 26. Bxd1 Qb4 27. Bh5
f6 28. a3 Qe1+ 29. Rf1 Qe3+ 30. Kh1 Rd2 31. Qc1 Qd3 32. Bg4 Rxb2 33. Rd1 Rc2
34. Qb1 Qxc4 35. Be6+ Qxe6 36. Rd8+ Kh7 37. Qxc2 b6 38. Qd1 Qa2 39. Qf1 h5 40.
Qf5+ Kh6 41. Qf3 g4 42. Qe3+ Kg6 43. h3 Qc2 44. hxg4 hxg4 45. Ra8 Qd1+ 46. Kh2
Qd7 47. Qe2 a5 48. Qf2 c5 49. Rb8 Qe6 50. Qb2 Qc4 51. Qxb6 Qc1 52. Qxa5 Qh6+
53. Kg1 Qe3+ 54. Kf1 Qd3+ 55. Kf2 Qd4+ 56. Ke2 Qxe4+ 57. Kf2 Qd4+ 58. Kf1 c4
59. Rd8 Qa1+ 60. Kf2 Qb2+ 61. Rd2 Qb1 62. Qd5 Qb6+ 63. Ke2 Qb3 64. Qe4+ f5 65.
Qc6+ Kg5 66. Rd7 Bf6 67. Rf7 Qd3+ 68. Kf2 Qd4+ 69. Ke2 e4 70. Rd7 Qg1 71. Qd6
Qxg2+ 72. Ke1 Qh1+ 73. Ke2 Qf3+ 74. Kd2 e3+ 75. Kc1 Qf1+ 76. Kc2 Qe2+ 77. Kc1
Qb2+ 78. Kd1 e2+ 79. Ke1 Bc3+ 80. Qd2+ Bxd2+ 81. Rxd2 c3 82. Rd8 Qxa3 83. Rg8+
Kf6 84. Rc8 Qa1+ 85. Kxe2 Qa6+ 86. Kd1 Qxc8 87. Ke2 c2 88. Kd3 c1=Q 89. Kd4
Q8c4# 0-1

[Event "ICS rated blitz match"]
[Site "204.178.125.65"]
[Date "1999.12.10"]
[Round "?"]
[White "PostModernist"]
[Black "Hossa"]
[Result "1-0"]
[WhiteElo "2596"]
[BlackElo "2472"]
[PlyCount "131"]

1. d4 Nf6 2. c4 c6 3. Nc3 d5 4. Nf3 g6 5. e3 Bg7 6. Be2 O-O 7. O-O Bg4 8. h3
Bf5 9. Bd2 Nbd7 10. g4 Be6 11. Ng5 Nb6 12. Nxe6 fxe6 13. c5 Nbd7 14. f4 b6 15.
g5 Ne8 16. Qa4 Qc8 17. Bg4 Kf7 18. b4 Bh8 19. Rfe1 b5 20. Qc2 Nc7 21. a4 bxa4
22. Qxa4 Qb7 23. Qd1 Kg8 24. Qf3 Bg7 25. Ra4 Rab8 26. h4 h5 27. gxh6 Bxh6 28.
Rea1 a6 29. Qg2 Rf6 30. Be2 Kg7 31. Bxa6 Nxa6 32. Rxa6 Qc8 33. Ne2 Rf5 34. e4
Rf7 35. h5 Nf8 36. Kf1 Rf6 37. e5 Rf5 38. hxg6 Nxg6 39. Ke1 Rh5 40. R6a3 Qf8
41. Rg3 Qf5 42. Ra6 Qb1+ 43. Kf2 Kf7 44. Rxc6 Qf5 45. Ra6 Rf8 46. c6 Rh4 47.
Ra7 Qh5 48. Rxg6 Qxg6 49. Rxe7+ Kxe7 50. Qxg6 Rh2+ 51. Kf3 Rh1 52. b5 Rh3+ 53.
Ng3 Rf5 54. Bb4+ Kd8 55. Qxe6 Rxf4+ 56. Ke2 Rh2+ 57. Ke1 Re4+ 58. Nxe4 Rh1+ 59.
Ke2 Rh2+ 60. Kd3 dxe4+ 61. Kc3 Bd2+ 62. Kc4 Rh7 63. Qg8+ Kc7 64. Qxh7+ Kc8 65.
Qb7+ Kd8 66. Qb8# 1-0

[Event "ICS rated blitz match"]
[Site "204.178.125.65"]
[Date "1999.12.10"]
[Round "?"]
[White "Hossa"]
[Black "PostModernist"]
[Result "1/2-1/2"]
[WhiteElo "2461"]
[BlackElo "2607"]
[PlyCount "139"]

1. d4 Nf6 2. c4 e6 3. Nf3 b6 4. Bg5 h6 5. Bd2 c5 6. dxc5 Bxc5 7. e3 Bb7 8. Bd3
Nc6 9. O-O O-O 10. a3 Bd6 11. Nc3 Qe7 12. Qc2 Ne5 13. Nxe5 Bxe5 14. Rfd1 Qd6
15. f4 Qc6 16. Be1 Bd6 17. b4 a6 18. Bh4 Be7 19. e4 a5 20. b5 Qc7 21. e5 Bc5+
22. Kh1 Ng4 23. Rd2 Be3 24. h3 Bxf4 25. hxg4 Bxd2 26. Qxd2 Qxe5 27. Rf1 Rab8
28. Be7 Qg3 29. Bxf8 Rxf8 30. Be4 Bxe4 31. Nxe4 Qxg4 32. Qd3 f5 33. Nd6 Kh7 34.
Qe3 Rb8 35. Kg1 Qh4 36. Rd1 Qh5 37. Rd4 Qg6 38. Qe5 Qg5 39. Nf7 Qc1+ 40. Kh2
Rc8 41. Qe2 Rc5 42. Qd3 Rc7 43. Ne5 d5 44. Qg3 Qa1 45. Qg6+ Kh8 46. Qe8+ Kh7
47. Ng6 Rf7 48. Qxf7 Qxd4 49. Qe8 Qxc4 50. Nf8+ Kh8 51. Nxe6+ Kh7 52. Nf8+ Kg8
53. Ne6+ Kh7 54. Qd8 Qg4 55. Nf8+ Kh8 56. Nd7+ Kh7 57. Nxb6 Qf4+ 58. Kg1 Qc1+
59. Kf2 Qd2+ 60. Kf3 Qd3+ 61. Kf4 Qe4+ 62. Kg3 Qe3+ 63. Kh2 Qf4+ 64. Kg1 Qc1+
65. Kf2 Qd2+ 66. Kf3 Qd3+ 67. Kf4 Qe4+ 68. Kg3 Qe3+ 69. Kh2 Qf4+ 70. Kg1
1/2-1/2

[Event "ICS rated blitz match"]
[Site "204.178.125.65"]
[Date "1999.12.10"]
[Round "?"]
[White "Hossa"]
[Black "JudgeTurpin"]
[Result "1-0"]
[WhiteElo "2467"]
[BlackElo "2518"]
[PlyCount "159"]

1. d4 d5 2. c4 dxc4 3. e3 Nf6 4. Bxc4 e6 5. Nf3 c5 6. Qc2 cxd4 7. Nxd4 e5 8.
Nf3 e4 9. Nfd2 Bf5 10. O-O Qc7 11. f3 Bd6 12. h3 O-O 13. fxe4 Bg6 14. Nc3 a6
15. Qb3 Nbd7 16. Nd5 Qc5 17. Qd3 Qc6 18. b4 Nh5 19. b5 Qc5 20. bxa6 Ne5 21.
axb7 Nxd3 22. bxa8=Q Rxa8 23. Bxd3 Ng3 24. Rf2 Qc6 25. Bb2 Ra7 26. Rc1 Qb7 27.
Nc4 Bc5 28. Bd4 Nxe4 29. Bxe4 Bxe4 30. Bxc5 Bxd5 31. Bxa7 Qxa7 32. Rd1 Qc5 33.
e4 Qxc4 34. exd5 Qa4 35. Rc1 f6 36. Rd2 Qa5 37. Rcc2 Qb6+ 38. Kh2 Qd6+ 39. g3
Kf7 40. Rc6 Qb4 41. Rdc2 Qd4 42. d6 Ke6 43. Re2+ Kd7 44. Rcc2 f5 45. Red2 Qb4
46. a3 Qa5 47. Rc7+ Ke6 48. Re7+ Kf6 49. Rde2 Kg6 50. d7 Qd5 51. h4 Qd4 52. Kh3
Qd3 53. a4 f4 54. Kh2 Qxg3+ 55. Kh1 Qd3 56. Rg2+ Kf6 57. Re8 Qxd7 58. Rf8+ Ke5
59. Re2+ Kd6 60. Rd2+ Kc7 61. Rxd7+ Kxd7 62. Rxf4 Ke6 63. Rg4 g6 64. Rxg6+ hxg6
65. Kg2 Ke5 66. Kf3 Kd6 67. Kf4 Kc5 68. Kg5 Kb6 69. Kxg6 Ka5 70. h5 Kxa4 71. h6
Kb3 72. h7 Kc4 73. h8=Q Kd5 74. Qc3 Ke4 75. Qd2 Ke5 76. Qd3 Kf4 77. Qe2 Kg3 78.
Kf5 Kh3 79. Kf4 Kh4 80. Qh2# 1-0

[Event "ICS rated blitz match"]
[Site "204.178.125.65"]
[Date "1999.12.10"]
[Round "?"]
[White "JudgeTurpin"]
[Black "Hossa"]
[Result "1/2-1/2"]
[WhiteElo "2500"]
[BlackElo "2485"]
[PlyCount "73"]

1. e4 c6 2. d4 d5 3. Nc3 dxe4 4. Nxe4 Bf5 5. Ng3 Bg6 6. h4 h6 7. Nf3 Nd7 8. h5
Bh7 9. Bd3 Bxd3 10. Qxd3 e6 11. Bd2 Ngf6 12. O-O-O Bd6 13. Rde1 O-O 14. Ne4 Qc7
15. Nxd6 Qxd6 16. g3 c5 17. Bf4 Qb6 18. Kb1 Rac8 19. c3 Rfd8 20. Ka1 cxd4 21.
Nxd4 e5 22. Bxe5 Ng4 23. Bxg7 Kxg7 24. Nf5+ Kf8 25. Qe2 Nge5 26. Rd1 Qe6 27.
Nd6 Rc6 28. Nxb7 Rb8 29. Na5 Ra6 30. b4 Rd6 31. f4 Nd3 32. Qxe6 fxe6 33. Nc4
Rd5 34. Ne3 Rd6 35. Nc4 Rd5 36. Ne3 Rd6 37. Nc4 1/2-1/2

[Event "ICS Rated blitz match"]
[Site "204.178.125.65"]
[Date "1999.12.10"]
[Round "?"]
[White "PostModernist"]
[Black "Hossa"]
[Result "0-1"]
[WhiteElo "2601"]
[BlackElo "2486"]
[PlyCount "162"]

1. e4 c6 2. d4 d5 3. Nc3 dxe4 4. Nxe4 Bf5 5. Ng3 Bg6 6. h4 h6 7. h5 Bh7 8. Nf3
Nd7 9. Bd3 Qa5+ 10. Bd2 Qb6 11. Bxh7 Rxh7 12. Bc3 O-O-O 13. Qd2 e6 14. O-O-O
Qa6 15. a3 Nb6 16. Ne5 f6 17. Ng6 Bxa3 18. bxa3 Nc4 19. Qe1 Qxa3+ 20. Kb1 Rd5
21. Qxe6+ Kc7 22. Qf7+ Kb6 23. Qxd5 cxd5 24. Rd3 Qa4 25. Nf4 Qc6 26. Re1 Kc7
27. Nf5 Qd7 28. Ne6+ Kc8 29. Rg3 Na3+ 30. Kb2 Ne7 31. Nxe7+ Qxe7 32. Nxg7 Nc4+
33. Kb1 Qd7 34. Re8+ Kc7 35. Bb4 Kc6 36. Re7 Qc8 37. Re8 Qc7 38. Re6+ Kb5 39.
Rb3 Ka4 40. Bc3 a5 41. Ra6 bxa6 42. Ne6 Re7 43. Nxc7 Rxc7 44. g3 Re7 45. Kc1
Re2 46. f3 Rh2 47. Be1 Rxh5 48. Kd1 Rh2 49. f4 f5 50. Kc1 Rg2 51. Kd1 h5 52.
Kc1 Re2 53. Kd1 Rh2 54. Kc1 Rg2 55. Kd1 Rg1 56. Ke2 Rh1 57. Rb7 Rh2+ 58. Kd3
Na3 59. Rb2 Rh3 60. Rb6 Rh1 61. Re6 Nc4 62. c3 Kb3 63. Ke2 a4 64. Rxa6 a3 65.
Ra7 a2 66. Rxa2 Kxa2 67. Bf2 Kb3 68. Kf3 Nd2+ 69. Kg2 Rb1 70. Be3 Kxc3 71. Kh3
Nf3 72. Kg2 Ne1+ 73. Kh3 Kd3 74. Bg1 Nf3 75. Bf2 Kd2 76. Kg2 Ke2 77. g4 hxg4
78. Kg3 Rf1 79. Kg2 Rxf2+ 80. Kg3 Rf1 81. Kg2 Rg1# 0-1

[Event "ICS Rated standard match"]
[Site "204.178.125.65"]
[Date "1999.12.10"]
[Round "?"]
[White "taamrah"]
[Black "Hossa"]
[Result "0-1"]
[WhiteElo "2052"]
[BlackElo "2251"]
[PlyCount "82"]

1. e4 c5 2. Nc3 Nc6 3. g3 g6 4. Bg2 Bg7 5. d3 d6 6. f4 Nf6 7. Nf3 O-O 8. Be3
Bd7 9. O-O Qb6 10. Qd2 Ng4 11. Nd1 Nxe3 12. Nxe3 Qxb2 13. Rab1 Qxa2 14. Rxb7
Rfd8 15. f5 Qa6 16. Rbb1 gxf5 17. Nxf5 Bxf5 18. exf5 Qa4 19. Rb7 Rab8 20. Rfb1
Rxb7 21. Rxb7 Qa6 22. Rb1 Rb8 23. Rxb8+ Nxb8 24. Qe1 Qa1 25. Qxa1 Bxa1 26. Kf2
Nc6 27. Ke3 Bc3 28. Ke2 a5 29. Kd1 Nb4 30. Nd2 a4 31. Ne4 Be5 32. Kc1 a3 33. c3
d5 34. d4 Nd3+ 35. Kb1 cxd4 36. f6 exf6 37. cxd4 Bxd4 38. Nd2 Nb4 39. Nb3 a2+
40. Kc1 Nd3+ 41. Kd2 Nc5 0-1

[Event "ICS Rated blitz match"]
[Site "204.178.125.65"]
[Date "1999.12.10"]
[Round "?"]
[White "Hossa"]
[Black "Amateur"]
[Result "0-1"]
[WhiteElo "2507"]
[BlackElo "2535"]
[PlyCount "128"]

1. e4 e5 2. Nf3 Nc6 3. d4 exd4 4. Bc4 Bb4+ 5. c3 dxc3 6. bxc3 Bd6 7. Qb3 Qe7 8.
Bd5 Nf6 9. O-O Nxd5 10. exd5 Ne5 11. Nbd2 O-O 12. Re1 f6 13. Nd4 Qd8 14. Ba3
Bxa3 15. d6+ Nf7 16. dxc7 Qxc7 17. Qxa3 d6 18. Rab1 b6 19. Nb5 Qc5 20. Qxc5
dxc5 21. Re7 Bf5 22. Rbe1 Ne5 23. Nd6 Bc2 24. Nf3 Nxf3+ 25. gxf3 h5 26. R1e6
Bb1 27. a3 Rfd8 28. Rb7 Ba2 29. c4 Bb3 30. f4 Ba4 31. f5 Rd7 32. Rxd7 Bxd7 33.
Re7 Rd8 34. Nb7 Kf8 35. Rxg7 Kxg7 36. Nxd8 Bxf5 37. Nc6 Be6 38. Nxa7 Bxc4 39.
Nc8 b5 40. Nd6 Bd3 41. Ne8+ Kh6 42. Nxf6 b4 43. axb4 cxb4 44. f4 b3 45. Nd5 b2
46. Nc3 Kg6 47. Kg2 Kf5 48. Kg3 h4+ 49. Kf3 Be4+ 50. Kf2 Kxf4 51. Ke2 Kg4 52.
Ke3 b1=Q 53. Nxe4 Qe1+ 54. Kd4 Qg1+ 55. Kd5 Qxh2 56. Nf6+ Kf5 57. Nd7 Qd2+ 58.
Kc6 h3 59. Nc5 h2 60. Kb5 h1=Q 61. Kb6 Qb4+ 62. Kc7 Qxc5+ 63. Kd7 Qh7+ 64. Ke8
Qc8# 0-1

[Event "ICS Rated blitz match"]
[Site "204.178.125.65"]
[Date "1999.12.10"]
[Round "?"]
[White "Amateur"]
[Black "Hossa"]
[Result "1-0"]
[WhiteElo "2567"]
[BlackElo "2492"]
[PlyCount "249"]

1. g3 e5 2. c4 Nf6 3. Bg2 Nc6 4. Nf3 Bc5 5. O-O d6 6. Nc3 Be6 7. Qb3 Rb8 8. d3
O-O 9. Bg5 h6 10. Bxf6 Qxf6 11. Ne4 Qe7 12. Nxc5 dxc5 13. Rae1 Rfd8 14. Qa4 a6
15. b3 Bg4 16. Nh4 Nd4 17. Nf3 Bxf3 18. exf3 Qd6 19. Re4 f5 20. Ree1 c6 21. Qa5
b6 22. Qd2 Rd7 23. f4 exf4 24. Qxf4 Qxf4 25. gxf4 Rd6 26. Re7 Ne6 27. Bh3 g6
28. Rd1 Nxf4 29. Bf1 Ne6 30. Re1 Nd4 31. Kg2 f4 32. Re8+ Rxe8 33. Rxe8+ Kf7 34.
Rb8 b5 35. Ra8 Re6 36. Rxa6 Re1 37. Ra7+ Kf6 38. f3 bxc4 39. dxc4 Nxf3 40. Kxf3
Rxf1+ 41. Kg2 Re1 42. Rc7 Re6 43. a4 g5 44. a5 Ke5 45. a6 Kd6 46. Rh7 Re2+ 47.
Kh3 Ke6 48. a7 Ra2 49. Kg4 Rg2+ 50. Kf3 Ra2 51. Ke4 Kd6 52. Rxh6+ Kc7 53. Rg6
Rxa7 54. Rxg5 Ra8 55. Kxf4 Rh8 56. Rg2 Rh7 57. Rb2 Kb6 58. Kg5 Ka7 59. h4 Rg7+
60. Kh6 Rd7 61. h5 Rd8 62. Kg7 Kb6 63. Rf2 Rd7+ 64. Rf7 Rd3 65. h6 Rg3+ 66. Kf8
Rh3 67. h7 Ka6 68. Kg7 Rg3+ 69. Kf6 Rh3 70. Rc7 Kb6 71. Rg7 Ka5 72. Ra7+ Kb4
73. Rb7+ Ka3 74. Kg7 Rg3+ 75. Kf8 Rf3+ 76. Kg8 Rg3+ 77. Kf7 Rf3+ 78. Kg7 Rg3+
79. Kh6 Rh3+ 80. Kg6 Rg3+ 81. Kf6 Rh3 82. Kg5 Rg3+ 83. Kf5 Rh3 84. Kf6 Rf3+ 85.
Kg6 Rg3+ 86. Kh5 Rh3+ 87. Kg4 Rh1 88. Kg5 Rh3 89. Re7 Rh1 90. Kg6 Rg1+ 91. Kf7
Rh1 92. Kg8 Kxb3 93. Re4 Rg1+ 94. Kf7 Rf1+ 95. Kg6 Rh1 96. Rf4 Kc3 97. Re4 Kb3
98. Rg4 Kc3 99. Kg7 Kb4 100. Rf4 Rg1+ 101. Kf8 Rh1 102. Kg8 Rg1+ 103. Kf7 Rh1
104. Kg6 Kc3 105. Rg4 Rh2 106. Kg7 Rh1 107. h8=Q Rxh8 108. Kxh8 Kd3 109. Kg7
Kc3 110. Kf6 Kb4 111. Ke5 Ka5 112. Kd6 Kb4 113. Rf4 Kc3 114. Kxc5 Kd3 115. Rh4
Kc3 116. Kxc6 Kd3 117. c5 Ke3 118. Kd5 Kf3 119. c6 Kg3 120. Ra4 Kh3 121. c7 Kg3
122. c8=Q Kf3 123. Qc3+ Kg2 124. Ra2+ Kh1 125. Qc1# 1-0

[Event "ICS rated blitz match"]
[Site "204.178.125.65"]
[Date "1999.12.10"]
[Round "?"]
[White "PackMaster"]
[Black "Hossa"]
[Result "1-0"]
[WhiteElo "2608"]
[BlackElo "2479"]
[PlyCount "161"]

1. d4 Nf6 2. c4 e6 3. Nc3 d5 4. Bg5 Nbd7 5. e3 Be7 6. Nf3 O-O 7. Rc1 h6 8. Bh4
c6 9. Bd3 b6 10. O-O Ba6 11. cxd5 Bxd3 12. Qxd3 exd5 13. Bg3 Re8 14. Ne2 c5 15.
dxc5 Nxc5 16. Qd4 Nce4 17. Bc7 Qc8 18. Qd1 Qa6 19. b3 Bb4 20. Be5 Rac8 21. Rxc8
Rxc8 22. a4 Qa5 23. Qd3 Ng4 24. Bd4 Bc5 25. Bc3 Bb4 26. Bxb4 Qxb4 27. Qxd5 Qe7
28. Ned4 Ngf6 29. Qe5 Qxe5 30. Nxe5 Nc3 31. Rc1 Nfd5 32. Kf1 Rc7 33. g4 a6 34.
Nec6 Kh7 35. Kg2 a5 36. Kf3 Na2 37. Rc4 Rd7 38. e4 Ndc3 39. Ke3 g5 40. Ne5 Rb7
41. Rc6 b5 42. axb5 Nxb5 43. Nf5 Na7 44. Rxh6+ Kg8 45. Rf6 Rxb3+ 46. Ke2 Nc3+
47. Kf1 Rb7 48. Nxf7 Nxe4 49. Rg6+ Kxf7 50. Rg7+ Ke6 51. Rxb7 Nc6 52. h4 gxh4
53. Nxh4 Ke5 54. f3 Nc3 55. Ng6+ Kd6 56. Rb3 Nd5 57. f4 Nf6 58. Rd3+ Kc5 59. g5
Ne4 60. Ke2 Nd6 61. Kf2 Nb4 62. Re3 Nc4 63. Re8 Nd6 64. Re5+ Kb6 65. Re6 Kc5
66. Ne7 Nd3+ 67. Kg3 a4 68. g6 Ne8 69. Nf5 Nc7 70. Re3 Nxf4 71. Kxf4 a3 72. g7
Nd5+ 73. Ke5 a2 74. Ra3 Kb4 75. Rxa2 Nb6 76. g8=Q Kc3 77. Qg3+ Kc4 78. Nd6+ Kc5
79. Qc3+ Nc4+ 80. Qxc4+ Kb6 81. Ra6# 1-0

[Event "ICS Rated blitz match"]
[Site "204.178.125.65"]
[Date "1999.12.10"]
[Round "?"]
[White "Hossa"]
[Black "Amateur"]
[Result "1-0"]
[WhiteElo "2469"]
[BlackElo "2580"]
[PlyCount "115"]

1. g3 e5 2. c4 c6 3. Nc3 Bb4 4. d4 d5 5. cxd5 Qxd5 6. Nf3 exd4 7. Qxd4 Qxd4 8.
Nxd4 Nf6 9. Bg2 O-O 10. Bg5 Nd5 11. Bd2 Nxc3 12. bxc3 Bd6 13. O-O Na6 14. Rad1
Bg4 15. f3 Bh5 16. g4 Bg6 17. Bg5 h6 18. Bh4 Bf4 19. e4 Rfe8 20. Nf5 Bxf5 21.
gxf5 Be5 22. c4 Nb4 23. a4 c5 24. Rd7 b6 25. f4 Bd4+ 26. Kh1 a5 27. e5 Rab8 28.
Be4 Rbc8 29. Kg2 Rb8 30. Be7 f6 31. e6 Rbc8 32. Rb1 Kh7 33. Bd6 Rg8 34. Bc7 Na2
35. Rxb6 Nc3 36. Bc2 Ra8 37. h4 Kh8 38. Rb7 Be3 39. Bb3 Bd4 40. h5 Rge8 41. Bc2
Ne2 42. Kf3 Ng1+ 43. Kg4 Rg8 44. Rb5 Rac8 45. Bxa5 Ne2 46. Bd3 Nc1 47. Be4 Ne2
48. Bf3 Ng1 49. Bd5 Rcf8 50. e7 Re8 51. Bxg8 Kxg8 52. Rd8 Kf7 53. Rbb8 Ba1 54.
Rxe8 Nf3 55. Red8 Ne5+ 56. fxe5 fxe5 57. e8=Q+ Kf6 58. Rb6# 1-0

[Event "ICS rated blitz match"]
[Site "204.178.125.65"]
[Date "1999.12.10"]
[Round "?"]
[White "Hossa"]
[Black "Zippy"]
[Result "0-1"]
[WhiteElo "2499"]
[BlackElo "2317"]
[PlyCount "108"]

1. g3 d5 2. Bg2 e5 3. d3 Nc6 4. Nf3 Nf6 5. Nbd2 Bc5 6. e4 dxe4 7. dxe4 Be6 8.
c3 a5 9. Qa4 Ng4 10. O-O Qd3 11. Ng5 b5 12. Qd1 Nxf2 13. Qh5 Ng4+ 14. Kh1 g6
15. Qh4 Be7 16. Rf3 Qe2 17. Bf1 Qe1 18. Nb3 Nf2+ 19. Kg1 Bxb3 20. Re3 Nh3+ 21.
Nxh3 Bc5 22. Qf6 O-O 23. axb3 Bxe3+ 24. Bxe3 Qxe3+ 25. Kh1 Qb6 26. Ng5 Rad8 27.
b4 axb4 28. cxb4 Rd6 29. Qf3 h6 30. Nh3 Nxb4 31. Bg2 Rd2 32. Rf1 Qd4 33. Qf6
Nd3 34. b3 Qb2 35. Rg1 Ne1 36. Rxe1 Rxg2 37. Qf1 Rxh2+ 38. Kg1 Rc2 39. Nf2 Qxb3
40. Qh3 Qf3 41. Rf1 h5 42. Qh4 b4 43. Qg5 b3 44. Qxe5 b2 45. Qf4 Qxf4 46. gxf4
Rc1 47. Kg2 Rd8 48. Rh1 Rd2 49. Rh4 b1=Q 50. Rg4 Rg1+ 51. Kh3 Qf1+ 52. Kh4
Rxg4+ 53. Nxg4 Qxf4 54. e5 Qxg4# 0-1

[Event "ICS Rated blitz match"]
[Site "204.178.125.65"]
[Date "1999.12.10"]
[Round "?"]
[White "Amateur"]
[Black "Hossa"]
[Result "1/2-1/2"]
[WhiteElo "2559"]
[BlackElo "2475"]
[PlyCount "94"]

1. e4 e5 2. Nf3 Nc6 3. Bb5 a6 4. Ba4 d6 5. O-O Nf6 6. Bxc6+ bxc6 7. d4 exd4 8.
Qxd4 c5 9. Qd3 Be7 10. Nc3 O-O 11. e5 dxe5 12. Qxd8 Rxd8 13. Nxe5 Re8 14. Be3
Bf5 15. Rac1 Rab8 16. b3 Bd6 17. Nc4 Be7 18. Na4 Nd7 19. Bf4 Rb7 20. Na5 Rb4
21. Bxc7 Bg5 22. Rcd1 Rd4 23. Rxd4 cxd4 24. Nc6 Bf6 25. Nb4 Re2 26. Rc1 Bg5 27.
f4 Be7 28. Kf1 Rd2 29. Nc6 Bh4 30. g3 Bf6 31. Nb6 Rxh2 32. Kg1 Rd2 33. Nxd7
Bxd7 34. Ba5 Re2 35. Nb8 Bf5 36. Re1 Rxe1+ 37. Bxe1 Bxc2 38. Nxa6 d3 39. Nb4
Bb2 40. Kf2 Bc1 41. Bc3 f5 42. Ke1 h5 43. Bd2 Bb2 44. Kf2 Bd4+ 45. Ke1 Bb2 46.
Kf2 Bd4+ 47. Ke1 Bb2 1/2-1/2

[Event "ICS Rated standard match"]
[Site "204.178.125.65"]
[Date "1999.12.10"]
[Round "?"]
[White "SPIKE-1"]
[Black "Hossa"]
[Result "1/2-1/2"]
[WhiteElo "2576"]
[BlackElo "2259"]
[PlyCount "99"]

1. e4 e5 2. d4 exd4 3. c3 d5 4. exd5 Qxd5 5. cxd4 Nc6 6. Nf3 Bg4 7. Be2 O-O-O
8. Nc3 Qa5 9. O-O Bxf3 10. Bxf3 Nxd4 11. Be3 Nxf3+ 12. Qxf3 Nf6 13. a3 Bd6 14.
b4 Qh5 15. Qxh5 Nxh5 16. Bxa7 Be5 17. Rac1 b6 18. Rfe1 Bxc3 19. Rxc3 Kb7 20.
Bxb6 cxb6 21. Re7+ Ka6 22. h3 f6 23. Rf3 g5 24. Rf5 Ra8 25. h4 h6 26. g3 Rhg8
27. Rh7 Rg6 28. g4 Ng7 29. h5 Nxf5 30. hxg6 Nh4 31. g7 Rg8 32. Rxh6 Rxg7 33.
Rxf6 Rd7 34. f4 Rd4 35. fxg5 Rxg4+ 36. Kh2 Rxg5 37. a4 Rf5 38. Rh6 Nf3+ 39. Kg3
Nd4 40. a5 Rb5 41. Rxb6+ Rxb6 42. axb6 Kb7 43. Kf4 Ne2+ 44. Ke5 Nc3 45. Kd4 Nd1
46. Kc5 Ne3 47. Kb5 Ng4 48. Kc4 Nf6 49. Kc5 Nh5 50. Kb5 1/2-1/2

[Event "ICS Rated standard match"]
[Site "204.178.125.65"]
[Date "1999.12.10"]
[Round "?"]
[White "Hossa"]
[Black "SPIKE-1"]
[Result "0-1"]
[WhiteElo "2271"]
[BlackElo "2564"]
[PlyCount "79"]

1. g3 d5 2. Bg2 c6 3. e4 dxe4 4. Nc3 Nf6 5. Nxe4 Nxe4 6. Bxe4 e5 7. Qh5 Nd7 8.
Nh3 Qe7 9. Bg2 Nf6 10. Qg5 h6 11. Qh4 e4 12. O-O Bf5 13. f3 Qc5+ 14. Kh1 Bh7
15. Ng1 g5 16. Qh3 Qxc2 17. fxe4 Nxe4 18. Qg4 Rd8 19. Re1 f5 20. Bxe4 fxe4 21.
Qe6+ Be7 22. Qxh6 Qc4 23. Qg7 Qg8 24. Qe5 Qd5 25. Qxd5 cxd5 26. Ne2 Rf8 27. Nc3
Rf2 28. Nd1 Rf3 29. Kg2 Kd7 30. b3 Bf5 31. Ne3 Be6 32. Bb2 Rdf8 33. Re2 Bc5 34.
Rc1 b6 35. Bg7 R8f7 36. Bb2 Rh7 37. Be5 Bh3+ 38. Kh1 Rhf7 39. Ree1 Rf2 40. Rcd1
0-1

[Event "ICS rated blitz match"]
[Site "204.178.125.65"]
[Date "1999.12.10"]
[Round "?"]
[White "Hossa"]
[Black "Beadle"]
[Result "1/2-1/2"]
[WhiteElo "2479"]
[BlackElo "2593"]
[PlyCount "157"]

1. e4 e5 2. Nf3 Nc6 3. Bb5 a6 4. Ba4 Nf6 5. O-O Be7 6. Bxc6 dxc6 7. d3 Bd6 8.
d4 Qe7 9. dxe5 Bxe5 10. Nxe5 Qxe5 11. f3 Be6 12. Rf2 O-O 13. Rd2 c5 14. Nc3 Bc4
15. a3 Kh8 16. Rb1 Rfe8 17. b3 Qxc3 18. bxc4 b6 19. Bb2 Qe3+ 20. Kh1 Qf4 21.
Bxf6 Qxf6 22. Rd7 Rad8 23. Qd3 Rxd7 24. Qxd7 Qe7 25. Qxe7 Rxe7 26. Rd1 h6 27.
Rd8+ Kh7 28. g4 Kg6 29. a4 h5 30. h3 Kg5 31. Kg2 hxg4 32. hxg4 Kf4 33. Kf2 g6
34. c3 a5 35. Kg2 Ke3 36. Rd5 f6 37. Rd8 f5 38. exf5 gxf5 39. gxf5 Rg7+ 40. Kf1
Kxf3 41. f6 Rf7 42. Rd3+ Ke4 43. Ke2 Ke5 44. Re3+ Kxf6 45. Rf3+ Ke7 46. Rxf7+
Kxf7 47. Ke3 Ke6 48. Ke4 Kd6 49. Ke3 Ke5 50. Kd3 Kf6 51. Ke4 c6 52. Kf4 Ke6 53.
Ke3 Ke5 54. Kd3 Kd6 55. Ke4 Kd7 56. Kd3 Ke7 57. Ke4 Kd6 58. Kd3 Ke5 59. Ke3 Ke6
60. Ke4 Ke7 61. Ke3 Kd8 62. Ke4 Kc8 63. Kd3 Kb7 64. Kc2 b5 65. cxb5 cxb5 66.
axb5 c4 67. b6 Kxb6 68. Kb2 Kb5 69. Ka3 Kc6 70. Ka4 Kb6 71. Ka3 Ka7 72. Ka4 Ka6
73. Ka3 Kb5 74. Kb2 Kc6 75. Ka3 Kb7 76. Ka4 Kb6 77. Ka3 Kc5 78. Ka4 Kb6 79. Ka3
1/2-1/2

[Event "ICS rated blitz match"]
[Site "204.178.125.65"]
[Date "1999.12.10"]
[Round "?"]
[White "PallMall"]
[Black "Hossa"]
[Result "1-0"]
[WhiteElo "2446"]
[BlackElo "2484"]
[PlyCount "141"]

1. d4 Nf6 2. c4 e6 3. Nf3 b6 4. g3 Ba6 5. b3 Bb4+ 6. Bd2 Be7 7. Bg2 c6 8. Bc3
d5 9. Ne5 O-O 10. Nd2 c5 11. O-O Re8 12. e4 cxd4 13. Bxd4 Bc5 14. Bxc5 bxc5 15.
Re1 dxc4 16. Ndxc4 Bxc4 17. Nxc4 Qxd1 18. Raxd1 e5 19. Nxe5 a5 20. Nc4 Ra7 21.
e5 Nfd7 22. Nd6 Rf8 23. Bd5 Nb6 24. e6 fxe6 25. Bxe6+ Kh8 26. Nf7+ Kg8 27. Rd6
Na8 28. Re5 g6 29. Ng5+ Kg7 30. Bh3 Rf6 31. Ne6+ Kf7 32. Rd8 Nc6 33. Rh8 Ke7
34. Rxh7+ Kd6 35. Rxa7 Nxa7 36. Rg5 Nc7 37. Nxc5 Ke7 38. f4 Rc6 39. Nd3 Rd6 40.
Ne5 Rd1+ 41. Bf1 Nd5 42. Rxg6 Ne3 43. Kf2 Nxf1 44. Rg7+ Kf6 45. Rf7+ Ke6 46.
Rxa7 Nxh2 47. Rxa5 Rb1 48. g4 Rb2+ 49. Kg1 Rc2 50. a4 Kf6 51. Ra6+ Kg7 52. g5
Rb2 53. f5 Kh8 54. Ra8+ Kh7 55. f6 Nf3+ 56. Nxf3 Kg6 57. Ne5+ Kf5 58. f7 Kxe5
59. Re8+ Kd4 60. f8=Q Rb1+ 61. Kf2 Rb2+ 62. Kg3 Rxb3+ 63. Kg4 Rc3 64. Rd8+ Kc4
65. Qf7+ Kb4 66. Rb8+ Kc5 67. Qc7+ Kd4 68. Rd8+ Ke3 69. Qxc3+ Kf2 70. Rd1 Kg2
71. Qg3# 1-0

[Event "ICS rated standard match"]
[Site "204.178.125.65"]
[Date "1999.12.10"]
[Round "?"]
[White "counterplay"]
[Black "Hossa"]
[Result "1-0"]
[WhiteElo "2359"]
[BlackElo "2266"]
[PlyCount "117"]

1. d4 Nf6 2. Nf3 g6 3. c4 Bg7 4. g3 O-O 5. Bg2 d6 6. Nc3 Nc6 7. O-O e5 8. d5
Na5 9. Nd2 b6 10. b4 Nb7 11. Bb2 a5 12. a3 Ng4 13. e4 f5 14. Qe2 fxe4 15. Ndxe4
Nh6 16. Rfe1 Nf5 17. Qd3 Nd4 18. Ne2 Nxe2+ 19. Qxe2 Bf5 20. Bc3 Qd7 21. Ng5 Bg4
22. f3 Bf5 23. g4 Qe7 24. Nxh7 Kxh7 25. gxf5 Rxf5 26. Bh3 Rff8 27. Bg4 Qh4 28.
Kh1 Bf6 29. Rg1 Kg7 30. Bf5 Bg5 31. Be4 axb4 32. axb4 Rxa1 33. Bxa1 Rf6 34. Bc3
Bf4 35. Ra1 Nd8 36. Ra7 Rf7 37. Ra8 Rf8 38. Bd2 Bg3 39. Be3 Rh8 40. Bg1 Rh6 41.
Ra7 Nf7 42. Rxc7 Bf4 43. Ra7 Qg3 44. Rb7 Qh3 45. Rxb6 g5 46. c5 Qh5 47. c6 Rh8
48. Bf5 Nh6 49. Be6 Ra8 50. Rb7+ Kf6 51. c7 Qe8 52. Ra7 Rb8 53. cxb8=Q Qxb8 54.
Qe4 Qe8 55. Qh7 Qf8 56. Bb6 e4 57. Bd8+ Qe7 58. Bxe7+ Ke5 59. Qxe4# 1-0

[Event "ICS rated standard match"]
[Site "204.178.125.65"]
[Date "1999.12.10"]
[Round "?"]
[White "Hossa"]
[Black "Bronstein"]
[Result "1-0"]
[WhiteElo "2261"]
[BlackElo "2162"]
[PlyCount "55"]

1. e4 c5 2. Nf3 Nc6 3. d4 cxd4 4. Nxd4 Nf6 5. Nc3 e5 6. Ndb5 d6 7. Bg5 a6 8.
Na3 b5 9. Nd5 Be6 10. c4 b4 11. Qa4 bxa3 12. Qxc6+ Bd7 13. Qxa8 Be7 14. Nc7+
Kf8 15. Bxf6 gxf6 16. bxa3 Kg7 17. Qxd8 Rxd8 18. Rb1 d5 19. exd5 Bxa3 20. Nxa6
Bf5 21. Rb3 Bc1 22. Nc7 Rc8 23. d6 e4 24. c5 Bd7 25. c6 Bxc6 26. Rc3 Bf4 27.
Rxc6 Bxd6 28. Ne6+ 1-0